UM Logo

Effective writing/ (Record no. 2415)

MARC details
000 -LEADER
fixed length control field 00519nam a22001697a 4500
008 - FIXED-LENGTH DATA ELEMENTS--GENERAL INFORMATION
fixed length control field 160511b xxu||||| |||| 00| 0 eng d
020 ## - INTERNATIONAL STANDARD BOOK NUMBER
International Standard Book Number 9717251045
082 ## - DEWEY DECIMAL CLASSIFICATION NUMBER
Edition number 2004
Classification number DFil 808
Item number A4e
100 ## - MAIN ENTRY--PERSONAL NAME
9 (RLIN) 7952
Personal name Abelos, Alex V.
245 ## - TITLE STATEMENT
Title Effective writing/
Statement of responsibility, etc. Alex V. Abelos.
260 ## - PUBLICATION, DISTRIBUTION, ETC. (IMPRINT)
Place of publication, distribution, etc. Makati City:
Name of publisher, distributor, etc. Grandwater Publications and Research Corporation,
Date of publication, distribution, etc. c2004.
300 ## - PHYSICAL DESCRIPTION
Extent 108 pages;
Dimensions 26 cm.
500 ## - GENERAL NOTE
General note Includes bibliographical references.
650 #0 - SUBJECT ADDED ENTRY--TOPICAL TERM
9 (RLIN) 7953
Topical term or geographic name as entry element Writing
365 ## - TRADE PRICE
Price amount 238.00
Currency code Php
942 ## - ADDED ENTRY ELEMENTS (KOHA)
Source of classification or shelving scheme Dewey Decimal Classification
Koha item type Filipiniana
Holdings
Withdrawn status Lost status Source of classification or shelving scheme Damaged status Not for loan Collection code Home library Current library Shelving location Date acquired Source of acquisition Total Checkouts Full call number Barcode Date last seen Date last checked out Copy number Price effective from Koha item type
    Dewey Decimal Classification     Filipiniana UM Digos College - LIC UM Digos College - LIC Book Cart 08/27/2004 Purchased 1 DFil 808 A4e 2004 17562 07/31/2019 07/29/2019 1 05/11/2016 Filipiniana
    Dewey Decimal Classification     Filipiniana UM Digos College - LIC UM Digos College - LIC   08/27/2004 Purchased   DFil 808 A4e 2004 17564 06/08/2021   3 05/20/2016 Filipiniana